000 00654nam a2200241Ia 4500
003 OSt
005 20220918222557.0
006 a|||||r|||| 00| 0
007 ta
008 220917b |||||||| |||| 00| 0 eng d
024 _a217,310
037 _cTextual
040 _aARTS
_cARTS
_beng
041 _2eng
_aeng
082 _aR4,( Y:425), N2
100 _aBrandt Richard B.
_978391
245 0 _aMorality, utilitarianism, and rights
260 _aUSA
_bCambridge university press
_c1995
300 _aviii, 393p.
_ccm.
650 _aETHICS
942 _hR4,( Y:425), N2
_cTEXL
_2CC
999 _c275895
_d275895